000 00626nam a2200181Ia 4500
005 20250508152300.0
008 008 250505s9999 xx 000 0 eng d
037 _aTextual
040 _aFEDL
_beng
_cFEDL
041 _aeng
_2eng
084 _a371.42, IND
_qFEDL
245 0 _aManual of educational and vocational guidance : An elementary guide for teacher - counsellors in secondary schools
245 0 _cIndia. Education and Scientific Research, (Ministry of ...)
260 _aDelhi, India
_bManager of Publications
_c1957
300 _a38p
942 _cTEXL
_h371.42, IND
999 _c1335483
_d1335483